• 首页
  • 本馆介绍
  • 公告通知
  • 最新文献
  • 馆藏检索
  • 电子资源
  • 读者导购
  • 参考咨询
  • 我的图书馆
  • 登录
  • 详细信息显示
  • 放入我的书架
  • 预约/预借图书
  • 作者相关作品
  • 分类相关作品
  • 丛书相关作品
  • 出版社相关作品

书目信息

  • 表格格式
  • 工作单格式
  • 卡片格式
题名:
沈家本新传
    
 
作者: 沈小兰 , 蔡小雪 著
分册:  
出版信息: 北京   商务印书馆  2022.09
页数: xii, 654页, [8] 页图版
开本: 25cm
丛书名:
单 册:
中图分类:
科图分类:
主题词: 法学家--传记--中国--清后期 , 人物--传记--中国
电子资源:
ISBN: 978-7-100-21005-8
000 01169nam0 2200301 450
001 2355223629
005 20120618205331.46
010    @a978-7-100-21005-8@dCNY188.00
099    @aCAL 012022112513
100    @a20221213d2022 em y0chiy50 ea
101 0  @achi
102    @aCN@b110000
105    @aacf z 000yb
106    @ar
200 1  @a沈家本新传@f沈小兰, 蔡小雪著
210    @a北京@c商务印书馆@d2022.09
215    @axii, 654页, [8] 页图版@c图, 肖像@d25cm
314    @a沈小兰, 1952年6月生。编审。祖籍浙江吴兴县 (今湖州市)。1968年毕业于合肥一中初中部。同年下放至安徽省长丰县邵集公社双郢生产队。蔡小雪, 1954年2月生, 一级高级法官, 最高人民法院行政审判庭第三合议庭原审判长、首届全国审判业务专家, 2010年被评为全国优秀法官。
330    @a本书是清末法学家沈家本的传记, 通过描述他的一生, 可使人们更多地了解这位法政宿将的日常生活和精神世界, 也客观地揭示了清末的社会和政治情况。
600  0 @a沈家本,@f1840-1913@x传记
606 0  @a法学家@x传记@y中国@z清后期
606 0  @a人物@x传记@x中国
690    @a@v5
690    @aK825.19@v4
701  0 @a沈小兰@4著
701  0 @a蔡小雪@4著
801  0 @aCN@b安徽时代出版发行有限公司@c20221213
905    @dK825.19@e1584
    
    沈家本新传/沈小兰, 蔡小雪著.-北京:商务印书馆,2022.09
    xii, 654页, [8] 页图版:图, 肖像;25cm
    
    
    ISBN 978-7-100-21005-8:CNY188.00
    本书是清末法学家沈家本的传记, 通过描述他的一生, 可使人们更多地了解这位法政宿将的日常生活和精神世界, 也客观地揭示了清末的社会和政治情况。
●
相关链接 在E读中查询图书 在五车中查询图书 在当当中查询图书 在豆瓣中查询图书


正题名:沈家本新传     索取号:K825.19/1584         预约/预借

序号 登录号 条形码 馆藏地/架位号 状态 备注
1 1411536   214115367   第二样本阅览室/ [索取号:K825.19/1584] 在馆    
2 1411537   214115376   教育系资料室/ [索取号:K825.19/1584] 在馆    
3 1411538   214115385   教育系资料室/ [索取号:K825.19/1584] 在馆    
唐山师范学院图书馆 欢迎您!
大连网信软件有限公司© 版权所有